| 000 | 00424nam a22001697a 4500 | ||
|---|---|---|---|
| 005 | 20160630123939.0 | ||
| 008 | 160630b xxu||||| |||| 00| 0 eng d | ||
| 020 | _a`81-219-2781-1 | ||
| 041 | _aeng | ||
| 082 | _b19779 | ||
| 100 |
_aKhurmi R S _944 |
||
| 245 | _aRefrigeration & Air Conditioning | ||
| 260 |
_aNew Delhi _bSultan Chand & Sons, _c2014 |
||
| 300 | _a743 | ||
| 650 |
_aDiploma Engineering _9817 |
||
| 942 | _cBK | ||
| 999 |
_c4928 _d4926 |
||